000 00534nam a2200157 4500
008 151026b xxu||||| |||| 00| 0 eng d
020 _a9789966461599
050 _aPN 989 .A35 2014
100 _aAkivaga, S. Kichamu
_d2014
245 _aOral Literature:
_bA School Certificate Course
_cS. Kichamu Akivaga, A. Bole Odaga
260 _aNairobi:
_bEast African Educational Publishers,
_c2014.
300 _axii, 134p.:
650 _aLiterature
700 _aOdaga, A. Bole
942 _2lcc
_cSH_L_BOOKS
_hPN 989 .A35 2014
999 _c9383
_d9383